Keperibadian Seorang Muslim (dari Al-Quran dan Al-Sunnah) /

Bibliographic Details
Main Author: Hasyimi, Muhammad Ali
Format: Book
Published: Johor Bahru: Perniagaan Jahabersa, 2010.
Subjects:
LEADER 00764cam a2200217 7i4500
001 0000013681
005 20170823090000.0
005 ##20170823115300.0
003 ##MY-KlINT
020 # # |a 9789673081103  
039 # 9 |a 201708231153  |b AUTHORITY  |y 201511041142  |z VLOAD 
090 0 0 |a 297.57   |b HAS 
100 1 # |a Hasyimi, Muhammad Ali 
245 1 0 |a Keperibadian Seorang Muslim (dari Al-Quran dan Al-Sunnah) /   |c Muhammad Ali Hasyimi. 
260 # # |a Johor Bahru:   |b Perniagaan Jahabersa,   |c 2010. 
300 # # |a 331ms:   |b il, jawi;   |c 26sm. 
500 # # |a Mengandungi ayat-ayat dari Al-Quran 
650 # 0 |a Religious life --   |x Islam --   |x koranic teaching  
650 # 0 |a Muslims --   |x Conduct of life  
650 # 0 |a Islamic ethics --   |x Koranic  
999 |a 1112067716  |b BOOK  |c Main Non-Fiction  |e INTAN BK